Biggest Cities in Europe in 1950 - Statistics

General Stats
  • This quiz has been taken 86 times
    70 since last reset
  • The average score is 180 of 332
Answer Stats
Population Country City % Correct
1,542,496 West Germany Hamburg
100%
1,616,125 Austria Vienna
100%
835,834 Netherlands Amsterdam
98%
1,280,000 Spain Barcelona
98%
3,336,026 W/E Germany Berlin
98%
2,258,000 Soviet Union Leningrad
98%
1,618,000 Spain Madrid
98%
1,263,627 Italy Milan
98%
5,205,633 Soviet Union Moscow
98%
831,937 West Germany Munich
98%
2,787,782 France Paris
98%
1,057,570 Czechoslovakia Prague
98%
1,618,343 Italy Rome
98%
804,433 Greece Athens
96%
1,075,771 Romania Bucharest
96%
1,057,912 Hungary Budapest
96%
626,131 Ireland Dublin
96%
8,005,584 United Kingdom London
96%
1,010,550 Italy Naples
96%
803,800 Poland Warsaw
96%
983,000 Turkey Istanbul
94%
783,226 Portugal Lisbon
94%
662,338 Netherlands Rotterdam
94%
768,105 Denmark Copenhagen
93%
532,037 West Germany Frankfurt
93%
1,089,767 United Kingdom Glasgow
93%
950,000 Soviet Union Kiev
93%
770,000 United Kingdom Liverpool
93%
469,724 France Lyon
93%
703,100 United Kingdom Manchester
93%
744,562 Sweden Stockholm
93%
1,102,881 United Kingdom Birmingham
91%
603,283 West Germany Cologne
91%
494,187 East Germany Dresden
91%
648,836 France Marseille
91%
509,075 Spain Valencia
91%
434,365 Norway Oslo
89%
516,960 Bulgaria Sofia
89%
497,677 West Germany Stuttgart
89%
510,000 Belgium Antwerp
87%
443,272 United Kingdom Belfast
87%
182,000 Belgium Brussels
87%
465,373 United Kingdom Edinburgh
87%
684,860 Italy Genoa
87%
505,219 United Kingdom Leeds
87%
264,256 Soviet Union Minsk
87%
376,627 Spain Seville
87%
461,065 Soviet Union Stalingrad
87%
558,849 Netherlands The Hague
87%
713,288 Italy Turin
87%
160,500 Italy Venice
87%
463,049 West Germany Bremen
85%
503,100 Italy Palermo
85%
482,300 Soviet Union Riga
85%
308,105 Yugoslavia Zagreb
85%
429,939 Yugoslavia Belgrade
83%
369,000 Finland Helsinki
83%
597,618 East Germany Leipzig
83%
350,700 Italy Bologna
81%
371,062 Italy Florence
81%
796,000 Soviet Union Gorky
81%
383,027 Sweden Gothenburg
81%
381,658 Switzerland Zürich
81%
548,530 United Kingdom Bristol
80%
267,356 United Kingdom Cardiff
80%
500,516 West Germany Düsseldorf
80%
620,273 Poland Łódź
80%
275,000 Soviet Union Lvov
80%
339,468 United Kingdom Newcastle
80%
605,112 Soviet Union Odessa
80%
115,394 West Germany Bonn
78%
605,411 West Germany Essen
78%
250,000 Spain Málaga
78%
281,406 Portugal Porto
78%
507,140 Soviet Union Rostov-on-Don
78%
572,000 United Kingdom Sheffield
78%
160,440 Soviet Union Vilnius
78%
229,334 Spain Bilbao
76%
145,473 Switzerland Geneva
76%
235,500 France Nice
76%
305,000 United Kingdom Nottingham
76%
239,852 Soviet Union Tallinn
76%
291,675 Greece Thessaloniki
76%
186,000 Poland Gdańsk
74%
403,541 West Germany Hanover
74%
545,950 Soviet Union Kazan
74%
145,000 United Kingdom Southampton
74%
293,000 Poland Wrocław
74%
146,500 Switzerland Bern
72%
257,340 France Bordeaux
72%
447,125 Soviet Union Dnipropetrovsk
72%
507,349 West Germany Dortmund
72%
191,744 France Lille
72%
198,856 Sweden Malmö
72%
362,459 West Germany Nuremberg
72%
594,395 Soviet Union Stalino
72%
266,638 France Toulouse
72%
151,800 Soviet Union Kaliningrad
70%
175,496 Poland Katowice
70%
498,015 Soviet Union Perm
70%
101,065 Yugoslavia Skopje
70%
193,190 Netherlands Utrecht
70%
273,800 Italy Bari
69%
143,807 West Germany Bielefeld
69%
284,670 Czechoslovakia Brno
69%
165,403 Spain Córdoba
69%
154,378 Spain Granada
69%
226,476 Austria Graz
69%
285,181 United Kingdom Leicester
69%
104,495 Yugoslavia Ljubljana
69%
182,714 United Kingdom Aberdeen
67%
183,600 Switzerland Basel
67%
333,777 Italy Catania
67%
356,138 United Kingdom Kingston-upon-Hull
67%
280,546 Soviet Union Krasnodar
67%
473,000 Soviet Union Saratov
67%
264,256 Spain Zaragoza
67%
127,117 Romania Cluj-Napoca
65%
134,000 Soviet Union Kishinev
65%
658,000 Soviet Union Kuybyshev
65%
218,375 Spain Murcia
65%
211,528 France Nantes
65%
127,818 Yugoslavia Sarajevo
65%
188,218 France Strasbourg
65%
272,522 Italy Trieste
65%
418,000 Soviet Union Ufa
65%
147,483 Italy Verona
65%
162,381 Norway Bergen
63%
232,000 Belgium Liège
63%
320,700 Poland Poznań
63%
203,000 United Kingdom Swansea
63%
103,460 Albania Tirana
63%
393,060 Soviet Union Voronezh
63%
143,200 West Germany Aachen
61%
152,000 Denmark Aarhus
61%
135,534 Netherlands Groningen
61%
245,634 West Germany Mannheim
61%
233,545 United Kingdom Portsmouth
61%
292,405 United Kingdom Bradford
59%
434,948 United Kingdom Brighton
59%
256,112 West Germany Kiel
59%
116,629 Poland Lublin
59%
190,465 Czechoslovakia Ostrava
59%
410,783 West Germany Duisburg
57%
271,000 Belgium Ghent
57%
190,000 West Germany Karlsruhe
57%
161,016 Soviet Union Kaunas
57%
135,400 Soviet Union Kursk
57%
106,800 Switzerland Lausanne
57%
124,200 Italy Parma
57%
245,000 United Kingdom Plymouth
57%
363,224 West Germany Wuppertal
57%
240,000 Soviet Union Astrakhan
56%
155,000 Netherlands Eindhoven
56%
118,889 West Germany Münster
56%
136,814 Spain Palma
56%
144,940 Bulgaria Plovdiv
56%
137,873 Spain Vigo
56%
133,844 Spain A Coruña
54%
200,104 Soviet Union Arkhangelsk
54%
185,183 West Germany Augsburg
54%
293,373 East Germany Chemnitz
54%
210,000 Italy Messina
54%
173,735 Soviet Union Murmansk
54%
107,102 West Germany Saarbrücken
54%
124,212 Spain Valladolid
54%
142,700 Italy Cagliari
52%
260,305 West Germany Magdeburg
52%
108,000 United Kingdom Norwich
52%
400,000 United Kingdom Stoke-on-Trent
52%
178,900 Poland Szczecin
52%
235,000 Soviet Union Tula
52%
220,741 West Germany Wiesbaden
52%
260,538 Soviet Union Zaporozhye
52%
101,791 Spain Alicante
50%
256,055 United Kingdom Coventry
50%
117,175 Hungary Debrecen
50%
137,410 Soviet Union Gomel
50%
289,119 West Germany Halle
50%
167,672 Italy Padua
50%
118,952 France Rennes
50%
110,000 Soviet Union Smolensk
50%
119,555 Romania Timișoara
50%
162,172 United Kingdom Wolverhampton
50%
231,569 Soviet Union Zhdanov
50%
144,199 United Kingdom Blackpool
48%
289,804 West Germany Bochum
48%
142,059 Italy Brescia
48%
106,754 France Dijon
48%
176,000 United Kingdom Dundee
48%
109,717 West Germany Freiburg im Breisgau
48%
164,007 Netherlands Haarlem
48%
123,372 France Le Havre
48%
104,432 United Kingdom Northampton
48%
127,447 Czechoslovakia Plzeň
48%
133,109 East Germany Rostock
48%
228,000 Belgium Charleroi
46%
190,000 East Germany Erfurt
46%
117,700 Poland Gdynia
46%
110,985 Spain Gijón
46%
219,274 Soviet Union Orenburg
46%
114,663 East Germany Potsdam
46%
102,519 Soviet Union Sochi
46%
213,100 United Kingdom Sunderland
46%
133,430 France Toulon
46%
135,093 United Kingdom York
46%
105,400 Italy Bergamo
44%
227,192 West Germany Braunschweig
44%
310,000 West Germany Gelsenkirchen
44%
888,819 Soviet Union Kharkov
44%
238,276 West Germany Lübeck
44%
168,314 Soviet Union Mykolaiv
44%
115,947 France Reims
44%
124,000 Soviet Union Vladimir
44%
144,531 United Kingdom Bournemouth
43%
102,100 Netherlands Breda
43%
162,524 Poland Bydgoszcz
43%
109,301 France Grenoble
43%
105,000 United Kingdom Ipswich
43%
144,000 United Kingdom Middlesbrough
43%
114,500 Italy Modena
43%
122,800 West Germany Oldenburg
43%
167,167 United Kingdom Bolton
41%
181,423 United Kingdom Derby
41%
233,808 Soviet Union Grozny
41%
117,000 Denmark Odense
41%
112,140 France Rouen
41%
113,776 Spain San Sebastián
41%
168,941 Italy Taranto
41%
136,000 Soviet Union Ulyanovsk
41%
310,000 Soviet Union Yaroslavl
41%
102,500 Romania Brașov
39%
100,249 Spain Cádiz
39%
162,132 West Germany Kassel
39%
110,381 United Kingdom Luton
39%
121,400 Netherlands Nijmegen
39%
109,538 West Germany Osnabrück
39%
110,000 United Kingdom Reading
39%
102,462 Spain Santander
39%
206,478 Soviet Union Tver
39%
286,000 Soviet Union Krivoy Rog
37%
119,715 United Kingdom Newport
37%
123,900 West Germany Regensburg
37%
146,000 Soviet Union Ryazan
37%
108,353 Soviet Union Stavropol
37%
125,000 Netherlands Tilburg
37%
150,000 United Kingdom Blackburn
35%
113,800 West Germany Darmstadt
35%
131,240 Soviet Union Kherson
35%
153,262 Spain Las Palmas
35%
146,200 Italy Livorno
35%
135,800 West Germany Mönchengladbach
35%
179,848 France Saint-Étienne
35%
118,210 Soviet Union Vitebsk
35%
114,070 West Germany Bremerhaven
33%
148,000 Soviet Union Bryansk
33%
116,488 Wes Germany Heidelberg
33%
171,875 West Germany Krefeld
33%
116,700 Netherlands Arnhem
31%
116,000 Netherlands Enschede
31%
198,000 Soviet Union Kirov
31%
106,173 France Le Mans
31%
106,002 Spain Oviedo
31%
148,287 West Germany Hagen
30%
129,000 United Kingdom Huddersfield
30%
106,500 France Limoges
30%
124,000 West Germany Ludwigshafen am Rhein
30%
190,030 Soviet Union Penza
30%
115,000 United Kingdom Preston
30%
150,000 United Kingdom Southend-on-Sea
30%
110,741 France Clermont-Ferrand
28%
100,150 West Germany Fürth
28%
210,503 Soviet Union Izhevsk
28%
202,808 West Germany Oberhausen
28%
100,100 Italy Perugia
28%
132,268 Soviet Union Tambov
28%
100,230 France Angers
26%
113,160 Spain Cartagena
26%
134,500 Italy Ferrara
26%
115,900 West Germany Herne
26%
218,000 Soviet Union Ivanovo
26%
204,856 Spain Santa Cruz de Tenerife
26%
106,017 Hungary Szeged
26%
107,690 Soviet Union Mogilev
24%
149,589 West Germany Mülheim an der Ruhr
24%
121,266 United Kingdom Oldham
24%
139,500 Italy Reggio Calabria
24%
114,912 Soviet Union Vologda
24%
101,300 Netherlands Apeldoorn
22%
102,750 Romania Arad
22%
112,198 Poland Częstochowa
22%
107,000 Soviet Union Oryol
22%
136,912 Soviet Union Kostroma
20%
297,316 Soviet Union Magnitogorsk
20%
112,286 Hungary Miskolc
20%
103,491 Soviet Union Petrozavodsk
20%
265,000 United Kingdom Birkenhead
19%
173,955 Poland Bytom
19%
251,000 United Kingdom Doncaster
19%
102,832 West Germany Flensburg
19%
100,360 Romania Galați
19%
107,770 Spain Jerez de la Frontera
19%
102,700 West Germany Bottrop
17%
100,120 Romania Brăila
17%
119,968 Poland Gliwice
17%
178,194 United Kingdom Salford
17%
147,845 West Germany Solingen
17%
141,650 United Kingdom Stockport
17%
112,200 Italy La Spezia
15%
124,000 Soviet Union Ordzhonikidze
15%
117,600 West Germany Recklinghausen
15%
173,000 Soviet Union Taganrog
15%
235,600 United Kingdom Gateshead
13%
113,000 West Germany Remscheid
13%
223,000 United Kingdom Dudley
11%
149,000 Poland Zabrze
11%
129,807 Poland Chorzów
9%
143,273 Soviet Union Orsk
9%
108,888 West Germany Salzgitter
9%
124,824 Yugoslavia Subotica
9%
126,119 Soviet Union Dzerzhinsk
7%
110,300 United Kingdom St Helens
7%
332,000 Soviet Union Makiivka
6%
114,500 United Kingdom Walsall
6%
108,800 Italy Reggio nell'Emilia
4%
105,523 France Roubaix
4%
105,000 United Kingdom South Shields
4%
101,356 Yugoslavia Zrenjanin
4%
215,000 Soviet Union Kemerovo
2%
116,419 Yugoslavia Leskovac
2%
275,000 Soviet Union Stalinsk
2%
280,000 United Kingdom Croydon
0%
No matching quizzes found
Score Distribution
Percent of People with Each Score
Percentile by Number Answered
Your Score History
You have not taken this quiz since the last reset